000 01053nam a22002657a 4500
999 _c21337
_d21337
003 AR-CdUCM
008 190304b ||||| |||| 00| 0 spa d
020 _a9786124713279
040 _aMUNICIPALIDAD PROVINCIAL DEL CUSCO
_cBIBLIOTECA MUNICIPAL DEL CUSCO
082 _a985.61/V17D
_bV17D
_2Segunda
100 _aValcárcel, Luis E
_9628
245 _aDe la vida inkaica :
_balgunas captaciones del espíritu que la animó /
_cLuis Eduardo Varcárcel
260 _aCusco ;
_bDirección Desconcentrada de Cultura de Cusco,
_c2017.
300 _a92 Páginas. :
_bilustraciones en color ;
_c23 cm.
440 _aCh'aska Mayu
_944495
505 _aContenido: ¡ A tí Kosko! -- Las leyendas del hombre de piedra -- Kusipuma -- Ars Inka -- Glosario.
650 _aEl imperio Incaico
_98722
650 _aHistoria Incas
_944235
650 _aInkas
_91899
650 _aCultura Inca
_98612
710 _aMinisterio de Cultura
_96146
856 _uhttp://bvirtual.culturacusco.gob.pe/items/show/31
_zLeer en digital
942 _2ddc
_cLIBROS
945 _aRoel